The Future for SMEs (Record no. 121241)
[ view plain ]
| 000 -LEADER | |
|---|---|
| fixed length control field | 00552nas a22001817a 4500 |
| 001 - CONTROL NUMBER | |
| control field | K121241 |
| 007 - PHYSICAL DESCRIPTION FIXED FIELD--GENERAL INFORMATION | |
| fixed length control field | ta |
| 008 - FIXED-LENGTH DATA ELEMENTS--GENERAL INFORMATION | |
| fixed length control field | 200326b2020 ||||| |||| 00| 0 eng d |
| 041 ## - LANGUAGE CODE | |
| Language code of text/sound track or separate title | eng |
| 100 ## - MAIN ENTRY--PERSONAL NAME | |
| Personal author | Hatwell, Lewis |
| 245 ## - TITLE STATEMENT | |
| Title | The Future for SMEs |
| 260 ## - PUBLICATION INFORMATION | |
| Date | 2020 |
| 490 ## - SERIES TITLE | |
| Series statement | RICS Modus |
| Volume | Feruary 2020, 9(1) |
| 520 ## - ABSTRACT | |
| Abstract | Opinion piece looking at how small and medium sized enterprises (SMEs) can be smart with their time and resources to achieve their goals. |
| 650 ## - KEYWORDS | |
| Keywords | SME |
| 651 ## - SUBJECT ADDED ENTRY--GEOGRAPHIC NAME | |
| Geographic name | United Kingdom |
| 690 ## - LOCAL SUBJECT ADDED ENTRY--TOPICAL TERM (OCLC, RLIN) | |
| 9 (RLIN) | 6226 |
| Topical term or geographic name as entry element | Business and management |
| Withdrawn status | Lost status | Damaged status | Koha normalized classification for sorting | Not for loan | Home library | Current library | Shelving location | Date acquired | Total Checkouts | Full call number | Date last seen | Price effective from | Koha item type |
|---|---|---|---|---|---|---|---|---|---|---|---|---|---|
| ONLINE | Virtual | Virtual | Online | 26/03/2020 | ONLINE | 26/03/2020 | 26/03/2020 | Journal article |